Historia y Psicoanálisis: entre ciencia y ficción

Збережено в:
Бібліографічні деталі
Автор: Certeau, Michel de (Автор)
Формат: Книга
Мова:Іспанська
Опубліковано: Ciudad de México Universidad Iberoamericana 2007
Редагування:1a. ed
Серія:El Oficio de la Historia
Предмети:
Теги: Додати тег
Немає тегів, Будьте першим, хто поставить тег для цього запису!

MARC

LEADER 00000cam a2200000 a 4500
001 UCF2025
003 CL-VaPUC
008 120802e20070000MX |||||||||||||||||spa|d
020 |a 9789688592533 
082 0 4 |a 150.9  |b CER  |2 21 
100 0 |a Certeau, Michel de  |e author  |9 324794 
245 1 0 |a Historia y Psicoanálisis: entre ciencia y ficción 
250 |a 1a. ed 
300 |a 168 p 
942 |c BK 
945 |d 20120802 00:00:00  |a dcastane 
260 |a Ciudad de México  |b Universidad Iberoamericana  |c 2007 
650 0 |a Psicoanálisis   |9 265702 
650 0 |a Filosofía de la historia  |9 265651 
583 |a last modification  |c 20120802 10:35:00  |k Rodrigo Vera 
490 0 |a El Oficio de la Historia 
999 |c 348698  |d 348696 
952 |0 0  |1 0  |4 0  |6 150_900000000000000_CER_2007  |7 0  |8 A  |9 450837  |a BIBART  |b BIBART  |d 2019-11-22  |i 4883411  |l 2  |m 3  |o 150.9 CER 2007  |p 4883411  |r 2025-03-13  |s 2023-03-24  |w 2019-11-22  |y BK  |k ART